| 000 | 00539nam a22001937a 4500 | ||
|---|---|---|---|
| 999 |
_c21086 _d21086 |
||
| 003 | AR-CdUCM | ||
| 008 | 191003b ||||| |||| 00| 0 spa d | ||
| 040 |
_aMUNICIPALIDAD PROVINCIAL DEL CUSCO _cBIBLIOTECA MUNICIPAL DEL CUSCO |
||
| 082 |
_a813 / _bP46 |
||
| 100 |
_aPerrault, Carlos _943631 |
||
| 245 | _aPiel de asno / | ||
| 260 |
_aBuenos Aires : _bTor, _c1946. |
||
| 300 |
_blustraciones _c30 cm. |
||
| 505 | _aContenido : Novela. | ||
| 650 |
_aNovela _943938 |
||
| 650 |
_aLiteratura _943939 |
||
| 942 |
_2ddc _cLIBROS |
||
| 945 | _arcc | ||